000 00276nam a22001097a 4500
008 240627b |||||||| |||| 00| 0 eng d
100 _aWhitehead, Geoffrey
_916034
245 _aBook-Keeping Made Simple
260 _aLondon:
_bW.H.Allen;
_c1968.
300 _a428p.
942 _cBK
999 _c39723
_d39723